000 00383nam a2200169Ia 4500
999 _c472
_d472
003 OSt
005 20240722191447.0
008 200302s9999 xx 000 0 und d
020 _a9788412622232
082 _a720
100 _aG. Barnbrook & Othres
245 _aConcrete Practice
260 _bCement and Concrete Association
260 _c1975
300 _a62 P.,
942 _2ddc